White-light optical signal processing / (Record no. 180962)
[ view plain ]
| 000 -LEADER | |
|---|---|
| fixed length control field | 00818 a2200205 4500 |
| 003 - CONTROL NUMBER IDENTIFIER | |
| control field | Nust |
| 005 - DATE AND TIME OF LATEST TRANSACTION | |
| control field | 20221117101756.0 |
| 010 ## - LIBRARY OF CONGRESS CONTROL NUMBER | |
| LC control number | 84029154 |
| 020 ## - INTERNATIONAL STANDARD BOOK NUMBER | |
| International Standard Book Number | 0471809543 |
| 040 ## - CATALOGING SOURCE | |
| Transcribing agency | Nust |
| 082 00 - DEWEY DECIMAL CLASSIFICATION NUMBER | |
| Classification number | 621.367,YUW |
| 100 1# - MAIN ENTRY--PERSONAL NAME | |
| Personal name | Yu, Francis T. S. |
| 9 (RLIN) | 102767 |
| 245 10 - TITLE STATEMENT | |
| Title | White-light optical signal processing / |
| Statement of responsibility, etc. | Francis T.S. Yu |
| 260 ## - PUBLICATION, DISTRIBUTION, ETC. | |
| Place of publication, distribution, etc. | New York : |
| Name of publisher, distributor, etc. | Wiley, |
| Date of publication, distribution, etc. | c1985. |
| 300 ## - PHYSICAL DESCRIPTION | |
| Extent | xii, 316 p. : |
| Other physical details | ill. ; |
| Dimensions | 24 cm. |
| 440 #0 - SERIES STATEMENT/ADDED ENTRY--TITLE | |
| Title | Wiley series in pure and applied optics |
| 9 (RLIN) | 8615 |
| 505 ## - FORMATTED CONTENTS NOTE | |
| Formatted contents note | Introduction to Partial Coherence Theory (Page-1), Partially Coherent Processing (Page-24), Coherent Requirement (Page-58), Apparent Transfer Function (Page-93), Noise Performance (Page-118), Techniques and Applications (Page-152), Applications (Page-220). |
| 650 #0 - SUBJECT ADDED ENTRY--TOPICAL TERM | |
| Topical term or geographic name entry element | Optical data processing. |
| 9 (RLIN) | 34983 |
| 942 ## - ADDED ENTRY ELEMENTS (KOHA) | |
| Source of classification or shelving scheme | |
| Koha item type | Book |
| Withdrawn status | Lost status | Source of classification or shelving scheme | Damaged status | Not for loan | Permanent Location | Current Location | Shelving location | Date acquired | Full call number | Barcode | Date last seen | Price effective from | Koha item type | Public note |
|---|---|---|---|---|---|---|---|---|---|---|---|---|---|---|
| Military College of Signals (MCS) | Military College of Signals (MCS) | General Stacks | 12/12/2016 | 621.367,YUW | MCS1006 | 12/08/2016 | 12/12/2016 | Book | Almirah No.30, Shelf No.4 |
